| 000 | 00917nam a22002537a 4500 | ||
|---|---|---|---|
| 003 | OSt | ||
| 005 | 20250812091543.0 | ||
| 008 | 250526b |||||||| |||| 00| 0 spa d | ||
| 020 | _a8497440080 | ||
| 037 | _bDonación | ||
| 040 |
_aCO-JMCR _cCO-JMCR _bspa _dCO-JMCR _erda |
||
| 041 | 0 | _aspa | |
| 082 | 0 | 4 |
_a378.8 _bE82e _223 |
| 245 | 0 | 0 |
_aEstudios sobre la universidad latinoamericana : _bDe la colonia al siglo XXI, reformas universitarias / _cDirectores : Diana Soto Arango, Manuel Lucena Salmoral y Carlos Rincón. |
| 260 |
_aTunja : _bRudecolombia, _c[2002] |
||
| 300 |
_a352 páginas ; _c24 cm. |
||
| 504 | _aIncluye bibliografía. | ||
| 650 | 2 | 4 |
_2JMCR _aEducación superior _xHistoria _944252 |
| 650 | 2 | 4 |
_2JMCR _aReforma universitaria _xHistoria _944253 |
| 700 | 1 |
_aSoto Arango, Diana. _944148 |
|
| 700 | 1 |
_aLucena Salmoral, Manuel. _944149 |
|
| 700 | 1 |
_aRincón, Carlos, _d1940- _944150 |
|
| 942 |
_2ddc _cBK |
||
| 999 |
_c30992 _d17376 |
||